Analyzing grammar : (Record no. 17)

000 -LEADER
fixed length control field 01195cam a2200289 a 4500
001 - CONTROL NUMBER
control field 13693235
003 - CONTROL NUMBER IDENTIFIER
control field OSt
005 - DATE AND TIME OF LATEST TRANSACTION
control field 20140116120817.0
008 - FIXED-LENGTH DATA ELEMENTS--GENERAL INFORMATION
fixed length control field 040820s2005 enka b 001 0 eng
010 ## - LIBRARY OF CONGRESS CONTROL NUMBER
LC control number 2004057104
020 ## - INTERNATIONAL STANDARD BOOK NUMBER
International Standard Book Number 9780521016537
040 ## - CATALOGING SOURCE
Original cataloging agency DLC
Transcribing agency DLC
Modifying agency DLC
050 00 - LIBRARY OF CONGRESS CALL NUMBER
Classification number P126.K76 2005
100 1# - MAIN ENTRY--PERSONAL NAME
Personal name Kroeger, Paul,
Dates associated with a name 1952-
245 10 - TITLE STATEMENT
Title Analyzing grammar :
Remainder of title an introduction /
Statement of responsibility, etc Paul R. Kroeger
260 ## - PUBLICATION, DISTRIBUTION, ETC. (IMPRINT)
Place of publication, distribution, etc Cambridge, UK ;
-- New York :
Name of publisher, distributor, etc Cambridge University Press,
Date of publication, distribution, etc 2005.
300 ## - PHYSICAL DESCRIPTION
Extent xvii, 364 p. :
Other physical details ill. ;
Dimensions 26 cm.
504 ## - BIBLIOGRAPHY, ETC. NOTE
Bibliography, etc Includes bibliographical references and indexes.
650 #0 - SUBJECT ADDED ENTRY--TOPICAL TERM
Topical term or geographic name as entry element Linguistic analysis (Linguistics)
650 #0 - SUBJECT ADDED ENTRY--TOPICAL TERM
Topical term or geographic name as entry element Grammar, Comparative and general.
856 41 - ELECTRONIC LOCATION AND ACCESS
Materials specified Table of contents
Uniform Resource Identifier <a href="http://www.loc.gov/catdir/toc/cam051/2004057104.html">http://www.loc.gov/catdir/toc/cam051/2004057104.html</a>
856 42 - ELECTRONIC LOCATION AND ACCESS
Materials specified Publisher description
Uniform Resource Identifier <a href="http://www.loc.gov/catdir/description/cam051/2004057104.html">http://www.loc.gov/catdir/description/cam051/2004057104.html</a>
856 42 - ELECTRONIC LOCATION AND ACCESS
Materials specified Contributor biographical information
Uniform Resource Identifier <a href="http://www.loc.gov/catdir/enhancements/fy0732/2004057104-b.html">http://www.loc.gov/catdir/enhancements/fy0732/2004057104-b.html</a>
906 ## - LOCAL DATA ELEMENT F, LDF (RLIN)
a 7
b cbc
c orignew
d 1
e ocip
f 20
g y-gencatlg
942 ## - ADDED ENTRY ELEMENTS (KOHA)
Source of classification or shelving scheme
Koha item type Book
Holdings
Withdrawn status Lost status Source of classification or shelving scheme Damaged status Not for loan Home library Current library Date acquired Source of acquisition Total Checkouts Full call number Barcode Date last seen Date checked out Copy number Price effective from Koha item type
          Riara University Library Riara University Library 04/10/2011 Purchase 1 P126.K76 2005 1318/11 11/10/2017 14/09/2017 C.3 04/10/2011 Book
          Riara University Library Riara University Library 04/10/2011 Purchase   P126.K76 2005 1317/11 04/10/2011   C.1 04/10/2011 Book
          Riara University Library Riara University Library 04/10/2011 Purchase 11 P126.K76 2005 1316/11 07/12/2017 24/08/2017 C.2 04/10/2011 Book
          Riara University Library Riara University Library 24/10/2011 Purchase 2 P126.K76 2005 1708/11 31/01/2017 10/01/2017 C.4 24/10/2011 Book
          Riara University Library Riara University Library 24/10/2011 Purchase 1 P126.K76 2005 1707/11 28/01/2021 22/01/2021 C.5 24/10/2011 Book
          Riara University Library Riara University Library 24/10/2011 Purchase 2 P126.K76 2005 1706/11 01/10/2016 02/09/2016 C.6 24/10/2011 Book

Riara University Library,
P.O. Box 49940-00100,
Nairobi, Kenya.